[Event "DVM U10 2016"]
[Site "Magdeburg GER"]
[Date "2016.12.28"]
[Round "4"]
[White "Englert, Luca"]
[Black "Murach, Moritz"]
[Result "1-0"]
[Termination "normal"]
[Board "25.2"]
[WhiteElo "600"]
[BlackElo "849"]
[WhiteTeam "BSG Grün-Weiß Leipzig 2"]
[BlackTeam "SV Schachfreunde Friedrichshagen"]
[PlyCount "89"]
[WhiteFideId "16293088"]
[EventCountry "GER"]
[EventRounds "7"]
[EventType "team-swiss"]
[EventDate "2016.12.27"]

1. e4 c5 2. Nf3 Nc6 3. Bc4 Nf6 4. Nc3 e6 5. d4 d5 6. exd5 exd5 7. Qe2+ Be7 8.
Bb5 Bd7 9. dxc5 d4 10. Nxd4 Nxd4 11. Bxd7+ Qxd7 12. Qd1 Bxc5 13. Be3 Ne6 14.
Qxd7+ Nxd7 15. Bxc5 Ndxc5 16. O-O-O O-O 17. Nd5 Rfe8 18. f4 f5 19. Rhe1 Rac8
20. Kb1 Nd4 21. Ne7+ Rxe7 22. Rxe7 Kf8 23. Ree1 Nce6 24. c3 Nxf4 25. Rxd4 Nxg2
26. Rg1 Ne3 27. Rd7 g5 28. Rxh7 Rd8 29. Rh8+ Ke7 30. Rxd8 Kxd8 31. Re1 f4 32.
Kc1 Ng2 33. Re2 f3 34. Rf2 Nh4 35. Kd2 g4 36. Ke3 Nf5+ 37. Kf4 Nh6 38. Kg5 g3
39. hxg3 Ke7 40. Kxh6 Kf6 41. Rxf3+ Ke7 42. Rd3 Kf8 43. Rd7 Kg8 44. Rc7 Kh8 45.
Rc8# 1-0

[Event "DVM U10 2016"]
[Site "Magdeburg GER"]
[Date "2016.12.28"]
[Round "4"]
[White "Tempel, Emil"]
[Black "Jung, Maximilian"]
[Result "1-0"]
[Termination "normal"]
[Board "25.3"]
[WhiteElo "600"]
[BlackElo "794"]
[WhiteTeam "SV Schachfreunde Friedrichshagen"]
[BlackTeam "BSG Grün-Weiß Leipzig 2"]
[PlyCount "57"]
[EventCountry "GER"]
[EventRounds "7"]
[EventType "team-swiss"]
[EventDate "2016.12.27"]

1. e4 e5 2. Nf3 Nc6 3. Bc4 Bc5 4. d3 h6 5. c3 Nf6 6. d4 Bb6 7. d5 Na5 8. Nxe5
Nxe4 9. Be3 Qf6 10. O-O Qxe5 11. Bxb6 axb6 12. Bd3 h5 13. Bxe4 Qxe4 14. Nd2 Qg6
15. Nf3 d6 16. h3 Bxh3 17. Qe1+ Kf8 18. Nh4 Qg5 19. Qe4 Re8 20. Qa4 Rh6 21.
Rae1 Rxe1 22. Rxe1 Qd8 23. gxh3 Qg5+ 24. Kf1 Qd8 25. a3 c6 26. b4 b5 27. Qxa5
Qxh4 28. Qa8+ Qd8 29. Qxd8# 1-0

[Event "DVM U10 2016"]
[Site "Magdeburg GER"]
[Date "2016.12.28"]
[Round "4"]
[White "Widmann, Maximilian"]
[Black "Graßmann, Ludwig"]
[Result "1-0"]
[Termination "normal"]
[Board "25.4"]
[WhiteElo "785"]
[BlackElo "600"]
[WhiteTeam "BSG Grün-Weiß Leipzig 2"]
[BlackTeam "SV Schachfreunde Friedrichshagen"]
[PlyCount "43"]
[WhiteFideId "16281691"]
[BlackFideId "16238486"]
[EventCountry "GER"]
[EventRounds "7"]
[EventType "team-swiss"]
[EventDate "2016.12.27"]

1. e4 e5 2. Nf3 Nc6 3. Bc4 Nf6 4. Nc3 Bc5 5. Nxe5 Nxe5 6. d4 Nxc4 7. dxc5 O-O
8. b3 Ne5 9. Qd4 Re8 10. f4 Nc6 11. Qc4 d6 12. cxd6 cxd6 13. Be3 Na5 14. Qb4
Nc6 15. Qa4 Re7 16. O-O-O Qe8 17. Bd4 Nxe4 18. Nxe4 Rxe4 19. c3 Qd8 20. Rhe1
Rxe1 21. Rxe1 Qh4 22. Re8# 1-0

[Event "DVM U10 2016"]
[Site "Magdeburg GER"]
[Date "2016.12.28"]
[Round "4"]
[White "Gossing, Marie-Sophie"]
[Black "Gauer, Liam"]
[Result "0-1"]
[Termination "normal"]
[Board "26.1"]
[WhiteElo "985"]
[BlackElo "785"]
[WhiteTeam "Lübecker SV 1"]
[BlackTeam "Hagener SV 2"]
[PlyCount "50"]
[WhiteFideId "16217284"]
[BlackFideId "16235720"]
[EventCountry "GER"]
[EventRounds "7"]
[EventType "team-swiss"]
[EventDate "2016.12.27"]

1. e4 e5 2. Nf3 Nc6 3. Bc4 Bc5 4. c3 d6 5. d4 f6 6. dxc5 dxc5 7. Qxd8+ Nxd8 8.
O-O c6 9. Be3 b5 10. Be2 c4 11. Bc5 Ne6 12. Bb4 c5 13. Ba5 Ne7 14. Na3 a6 15.
b3 Rb8 16. bxc4 bxc4 17. Bxc4 Nc6 18. Bxe6 Bxe6 19. Rab1 Rxb1 20. Rxb1 Kf7 21.
Bc7 Rc8 22. Bd6 Rd8 23. Bxc5 Rd7 24. Bb4 Nxb4 25. Rxb4 Rd1+ 0-1

[Event "DVM U10 2016"]
[Site "Magdeburg GER"]
[Date "2016.12.28"]
[Round "4"]
[White "Schlie, Valentin"]
[Black "Poetzsch-Heffter, Frieder"]
[Result "1-0"]
[Termination "normal"]
[Board "26.2"]
[WhiteElo "770"]
[BlackElo "785"]
[WhiteTeam "Hagener SV 2"]
[BlackTeam "Lübecker SV 1"]
[PlyCount "82"]
[WhiteFideId "16228103"]
[BlackFideId "34608842"]
[EventCountry "GER"]
[EventRounds "7"]
[EventType "team-swiss"]
[EventDate "2016.12.27"]

1. d4 Nc6 2. e3 Nf6 3. Nf3 e6 4. Ne5 Nxe5 5. dxe5 Nd5 6. e4 Nb6 7. Be2 Bc5 8.
Bd2 O-O 9. O-O d6 10. exd6 Bxd6 11. Nc3 e5 12. Nd5 Nxd5 13. exd5 e4 14. Rc1 Qf6
15. Rb1 Qg6 16. g3 Bh3 17. Re1 Qf5 18. g4 Qxd5 19. f3 Qe5 20. f4 Qd5 21. Be3
Qe6 22. c3 Rad8 23. b3 Bxf4 24. Bxf4 Rxd1 25. Rbxd1 Qb6+ 26. Rd4 Qc6 27. Rc1 e3
28. Bf1 Bxg4 29. Bxe3 Re8 30. Bd2 h6 31. Rxg4 Qb6+ 32. Kh1 Re6 33. Re1 Rf6 34.
Rf4 Rd6 35. Rd4 Qc6+ 36. Bg2 Qa6 37. Rxd6 Qxd6 38. Re2 Qd3 39. Re8+ Kh7 40.
Be4+ Qxe4+ 41. Rxe4 f5 1-0

[Event "DVM U10 2016"]
[Site "Magdeburg GER"]
[Date "2016.12.28"]
[Round "4"]
[White "Widderich, Jan Ole"]
[Black "Fischer, Joschua"]
[Result "1-0"]
[Termination "normal"]
[Board "26.3"]
[WhiteElo "600"]
[BlackElo "600"]
[WhiteTeam "Lübecker SV 1"]
[BlackTeam "Hagener SV 2"]
[PlyCount "93"]
[BlackFideId "16268660"]
[EventCountry "GER"]
[EventRounds "7"]
[EventType "team-swiss"]
[EventDate "2016.12.27"]

1. e4 e5 2. Nf3 Nc6 3. Bc4 Bc5 4. Nc3 d6 5. d3 Be6 6. Bg5 f6 7. Bh4 g5 8. Bg3
Nh6 9. Bxe6 Nd4 10. O-O Nxe6 11. Nd5 Nf4 12. Bxf4 gxf4 13. c3 c6 14. Nb4 Qc8
15. d4 exd4 16. Nxd4 Rg8 17. Qh5+ Rg6 18. Rae1 Bxd4 19. cxd4 Qg4 20. Qxg4 Rxg4
21. e5 dxe5 22. dxe5 fxe5 23. Rxe5+ Kf7 24. h3 Rg6 25. Rd1 Kf6 26. Rde1 Nf7 27.
Re6+ Kf5 28. g4+ Kg5 29. Re7 Kf6 30. R1e6+ Kg7 31. h4 Rxe6 32. Rxe6 Nd8 33. Re8
a5 34. Nd3 Kf7 35. Re4 Ne6 36. Nxf4 Nxf4 37. Rxf4+ Ke6 38. g5 Ke5 39. Rf7 Ke6
40. Rxh7 b5 41. g6 Kf6 42. h5 Re8 43. g7 Kf7 44. h6 Kg8 45. Rh8+ Kf7 46. Rxe8
Kxe8 47. g8=Q+ 1-0

[Event "DVM U10 2016"]
[Site "Magdeburg GER"]
[Date "2016.12.28"]
[Round "4"]
[White "Landsgesell, Simon"]
[Black "Schmitz, Niklas"]
[Result "1-0"]
[Termination "normal"]
[Board "27.2"]
[WhiteElo "888"]
[BlackElo "775"]
[WhiteTeam "SC Postbauer-Heng"]
[BlackTeam "Lübecker SV 2"]
[PlyCount "69"]
[EventCountry "GER"]
[EventRounds "7"]
[EventType "team-swiss"]
[EventDate "2016.12.27"]

1. e4 e5 2. Nf3 Nc6 3. Nc3 Bc5 4. Nxe5 Nxe5 5. d4 Bxd4 6. Qxd4 Nf6 7. Qxe5+ Qe7
8. Qxe7+ Kxe7 9. Bg5 h6 10. Bxf6+ gxf6 11. Bc4 Rg8 12. O-O d6 13. Nd5+ Ke8 14.
Nxc7+ Kf8 15. Nxa8 Bh3 16. Kh1 Be6 17. Bxe6 fxe6 18. Nc7 Ke7 19. Nb5 a6 20. Nd4
Rg4 21. f3 Rg5 22. f4 Rc5 23. Rad1 Ra5 24. a3 e5 25. fxe5 dxe5 26. Nf5+ Ke6 27.
Rd6+ Kf7 28. Nxh6+ Ke7 29. Rfd1 Ke8 30. Rxf6 b6 31. Rdd6 Ke7 32. h3 Ke8 33.
Rxb6 Kd7 34. Rb7+ Kd8 35. Rf8# 1-0

[Event "DVM U10 2016"]
[Site "Magdeburg GER"]
[Date "2016.12.28"]
[Round "4"]
[White "Gossing, Maxi-Sophia"]
[Black "Mikulasch, Nicole"]
[Result "1-0"]
[Termination "normal"]
[Board "27.3"]
[WhiteElo "790"]
[BlackElo "880"]
[WhiteTeam "Lübecker SV 2"]
[BlackTeam "SC Postbauer-Heng"]
[PlyCount "33"]
[EventCountry "GER"]
[EventRounds "7"]
[EventType "team-swiss"]
[EventDate "2016.12.27"]

1. e4 d5 2. Nc3 dxe4 3. Nxe4 Bf5 4. Ng3 e6 5. Qe2 Ne7 6. d3 Qd7 7. Bf4 Na6 8.
O-O-O O-O-O 9. d4 Qa4 10. Nxf5 exf5 11. Nf3 h6 12. Ne5 Rg8 13. Nxf7 Rxd4 14.
Rxd4 Qxd4 15. g3 Ng6 16. Qe8+ Qd8 17. Qxd8# 1-0

[Event "DVM U10 2016"]
[Site "Magdeburg GER"]
[Date "2016.12.28"]
[Round "4"]
[White "Tietz, Daniel"]
[Black "Hellenbroich, Hanno"]
[Result "1-0"]
[Termination "normal"]
[Board "27.4"]
[WhiteElo "742"]
[BlackElo "600"]
[WhiteTeam "SC Postbauer-Heng"]
[BlackTeam "Lübecker SV 2"]
[PlyCount "58"]
[BlackFideId "16270762"]
[EventCountry "GER"]
[EventRounds "7"]
[EventType "team-swiss"]
[EventDate "2016.12.27"]

1. e4 e5 2. Nf3 Nc6 3. Bc4 Nf6 4. Nc3 Bb4 5. a3 Bc5 6. d3 d6 7. Ng5 d5 8. exd5
Nxd5 9. Nxd5 f6 10. Ne4 Be6 11. b4 Be7 12. Ne3 Bxc4 13. Nxc4 O-O 14. Na5 Nxa5
15. bxa5 f5 16. Nc3 Qd4 17. Nb5 Qxa1 18. Nxc7 Qc3+ 19. Bd2 Qxc7 20. O-O e4 21.
d4 b6 22. a6 Rad8 23. c3 Bxa3 24. g4 Bd6 25. gxf5 Bxh2+ 26. Kg2 g6 27. Rh1 Bf4
28. Bxf4 Qxf4 29. Qb3+ Kh8 1-0

[Event "DVM U10 2016"]
[Site "Magdeburg GER"]
[Date "2016.12.28"]
[Round "4"]
[White "Gohel, Fabian Franz"]
[Black "Avram, Luca"]
[Result "0-1"]
[Termination "normal"]
[Board "28.1"]
[WhiteElo "882"]
[BlackElo "1324"]
[WhiteTeam "SF Nordost Berlin 2"]
[BlackTeam "SV Hemer"]
[PlyCount "30"]
[BlackFideId "16225627"]
[EventCountry "GER"]
[EventRounds "7"]
[EventType "team-swiss"]
[EventDate "2016.12.27"]

1. d4 d5 2. Bf4 e6 3. e3 Nf6 4. c4 Be7 5. Nc3 b6 6. Be2 Bb7 7. Nf3 O-O 8. O-O
c5 9. Qc2 Nbd7 10. Ne5 Nxe5 11. Bxe5 Qd7 12. Bd3 h6 13. Rfe1 Qc6 14. Rac1 dxc4
15. Bxc4 Qxg2# 0-1

[Event "DVM U10 2016"]
[Site "Magdeburg GER"]
[Date "2016.12.28"]
[Round "4"]
[White "Jagodzinsky, Lukas"]
[Black "Möbis, Lucas"]
[Result "1/2-1/2"]
[Termination "normal"]
[Board "28.2"]
[WhiteElo "741"]
[BlackElo "600"]
[WhiteTeam "SV Hemer"]
[BlackTeam "SF Nordost Berlin 2"]
[PlyCount "43"]
[WhiteFideId "16233255"]
[BlackFideId "16255046"]
[EventCountry "GER"]
[EventRounds "7"]
[EventType "team-swiss"]
[EventDate "2016.12.27"]

1. e4 c5 2. d4 cxd4 3. c3 dxc3 4. Nxc3 e5 5. Nf3 Nc6 6. Bb5 d6 7. Bg5 Be7 8.
Nd5 Bxg5 9. Nxg5 Be6 10. Nxe6 fxe6 11. Nc3 Nf6 12. O-O O-O 13. Qf3 Nd5 14. Qg3
Nxc3 15. bxc3 a6 16. Bc4 d5 17. Bb3 Qd6 18. Rae1 Rae8 19. Re3 g6 20. Ba4 b5 21.
Bb3 a5 22. a4 1/2-1/2

[Event "DVM U10 2016"]
[Site "Magdeburg GER"]
[Date "2016.12.28"]
[Round "4"]
[White "Geiser, Lennard"]
[Black "Graf, Micha"]
[Result "1-0"]
[Termination "normal"]
[Board "28.3"]
[WhiteElo "600"]
[BlackElo "600"]
[WhiteTeam "SF Nordost Berlin 2"]
[BlackTeam "SV Hemer"]
[PlyCount "61"]
[EventCountry "GER"]
[EventRounds "7"]
[EventType "team-swiss"]
[EventDate "2016.12.27"]

1. e4 e5 2. Nf3 Nf6 3. Nc3 Bc5 4. Bc4 O-O 5. d3 d5 6. Bg5 Bg4 7. h3 Bc8 8. O-O
Nc6 9. exd5 Nxd5 10. Bxd5 Nd4 11. Bxd8 Rxd8 12. Nxe5 Rxd5 13. Nxd5 Be6 14. Nf4
h6 15. Nxe6 fxe6 16. Nd7 Rd8 17. Nxc5 e5 18. Nxb7 Rb8 19. c3 Nf3+ 20. Qxf3 Rxb7
21. Qxb7 c5 22. Qxa7 g5 23. Qxc5 e4 24. dxe4 Kg7 25. Qc6 Kh7 26. Rad1 h5 27. e5
Kg8 28. e6 Kf8 29. Qd7 g4 30. e7+ Kg8 31. e8=R# 1-0

[Event "DVM U10 2016"]
[Site "Magdeburg GER"]
[Date "2016.12.28"]
[Round "4"]
[White "Leonard, Amanda"]
[Black "Dörr, Georg"]
[Result "0-1"]
[Termination "normal"]
[Board "28.4"]
[WhiteElo "600"]
[BlackElo "600"]
[WhiteTeam "SV Hemer"]
[BlackTeam "SF Nordost Berlin 2"]
[PlyCount "23"]
[EventCountry "GER"]
[EventRounds "7"]
[EventType "team-swiss"]
[EventDate "2016.12.27"]

1. e4 e5 2. Nf3 Nc6 3. d4 exd4 4. Nxd4 Nxd4 5. Bf4 Nc6 6. Bc4 d6 7. O-O Nf6 8.
Nc3 Bg4 9. f3 Be6 10. Re1 Bxc4 11. Rc1 d5 12. exd5+ {Schwarz zog c4xd5 obwohl
Schach} 0-1

[Event "DVM U10 2016"]
[Site "Magdeburg GER"]
[Date "2016.12.28"]
[Round "4"]
[White "Schlange, Jonathan"]
[Black "Mischke, Richard"]
[Result "0-1"]
[Termination "normal"]
[Board "29.1"]
[WhiteElo "865"]
[BlackElo "900"]
[WhiteTeam "Schachzwerge Magdeburg 2"]
[BlackTeam "VfL Gräfenhainichen"]
[PlyCount "26"]
[WhiteFideId "16287240"]
[BlackFideId "16255585"]
[EventCountry "GER"]
[EventRounds "7"]
[EventType "team-swiss"]
[EventDate "2016.12.27"]

1. e4 d6 2. Nf3 Nf6 3. Bc4 g6 4. Ng5 e6 5. d4 Bg7 6. O-O O-O 7. e5 dxe5 8. dxe5
Nfd7 9. Bf4 Nxe5 10. Bxe5 Bxe5 11. Nc3 Qxg5 12. Ne4 Qf4 13. Nd2 Qxh2# 0-1

[Event "DVM U10 2016"]
[Site "Magdeburg GER"]
[Date "2016.12.28"]
[Round "4"]
[White "Gertz, Amon"]
[Black "Schlange, Tamara"]
[Result "0-1"]
[Termination "normal"]
[Board "29.2"]
[WhiteElo "762"]
[BlackElo "600"]
[WhiteTeam "VfL Gräfenhainichen"]
[BlackTeam "Schachzwerge Magdeburg 2"]
[PlyCount "66"]
[BlackFideId "34600817"]
[EventCountry "GER"]
[EventRounds "7"]
[EventType "team-swiss"]
[EventDate "2016.12.27"]

1. e4 e5 2. Nf3 Nc6 3. Nc3 Nf6 4. Bb5 a6 5. Bd3 Bc5 6. Be2 O-O 7. Nxe5 Nxe5 8.
d4 Bd6 9. dxe5 Bxe5 10. Bg5 h6 11. Bxf6 Bxf6 12. O-O Rb8 13. Re1 b5 14. Nd5 Be5
15. Bd3 c6 16. Ne3 Bf4 17. Nf5 Qf6 18. e5 Qg5 19. Qe2 Rd8 20. Qe4 d5 21. Ne7+
Kf8 22. Qh7 Kxe7 23. Re2 Be6 24. Rae1 Rh8 25. Qxh8 Rxh8 26. b4 Bg4 27. g3 Bxe2
28. Rxe2 Qg4 29. Re1 Qg5 30. h4 Qg4 31. Rf1 Bxe5 32. Re1 Kd6 33. Be2 Qxb4 0-1

[Event "DVM U10 2016"]
[Site "Magdeburg GER"]
[Date "2016.12.28"]
[Round "4"]
[White "Dornheim, Anna Elisabeth"]
[Black "Stockmann, Pit"]
[Result "0-1"]
[Termination "normal"]
[Board "29.3"]
[WhiteElo "600"]
[BlackElo "735"]
[WhiteTeam "Schachzwerge Magdeburg 2"]
[BlackTeam "VfL Gräfenhainichen"]
[PlyCount "68"]
[WhiteFideId "34644296"]
[BlackFideId "16247000"]
[EventCountry "GER"]
[EventRounds "7"]
[EventType "team-swiss"]
[EventDate "2016.12.27"]

1. e4 e5 2. Nf3 Nc6 3. Bc4 Nf6 4. Ng5 d5 5. exd5 Na5 6. Bd3 Bb4 7. O-O Nxd5 8.
a3 Bd6 9. b4 Nc6 10. Bc4 Be6 11. Nxe6 fxe6 12. d3 O-O 13. Qg4 Qe7 14. Bg5 Nf6
15. Bxf6 Qxf6 16. Bxe6+ Kh8 17. Qh5 Nd4 18. Nd2 Nxe6 19. Rae1 a5 20. Re3 Nf4
21. Qf3 axb4 22. axb4 Bxb4 23. Ne4 Qf5 24. c3 Bd6 25. Ng3 Qf7 26. Qg4 Qg6 27.
Qh3 Nxh3+ 28. Kh1 Nxf2+ 29. Kg1 Bc5 30. Rxe5 Bd6 31. Rh5 Bxg3 32. Re1 Qxh5 33.
d4 Nd3 34. Rf1 Qxh2# 0-1

[Event "DVM U10 2016"]
[Site "Magdeburg GER"]
[Date "2016.12.28"]
[Round "4"]
[White "Möller, Maurin"]
[Black "Schilay, Vinzenz"]
[Result "0-1"]
[Termination "normal"]
[Board "30.1"]
[WhiteElo "894"]
[BlackElo "918"]
[WhiteTeam "SK Blauer Springer Paderborn"]
[BlackTeam "SK Neumarkt"]
[PlyCount "98"]
[WhiteFideId "16265696"]
[BlackFideId "12983209"]
[EventCountry "GER"]
[EventRounds "7"]
[EventType "team-swiss"]
[EventDate "2016.12.27"]

1. e4 e5 2. Nf3 Nc6 3. Nc3 Nf6 4. Bc4 Nxe4 5. Nxe4 d5 6. Bxd5 Qxd5 7. Nc3 Qd8
8. d3 Bg4 9. Be3 Bb4 10. a3 Bxc3+ 11. bxc3 O-O 12. h3 Bxf3 13. Qxf3 f5 14. Bc5
Rf6 15. O-O f4 16. Rab1 b6 17. Qe4 bxc5 18. Qc4+ Kh8 19. Qxc5 f3 20. Qe3 fxg2
21. Kxg2 Rg6+ 22. Kh1 Qd7 23. Qf3 h6 24. Qh5 Ne7 25. Qf3 Nd5 26. c4 Nf4 27.
Qxa8+ Kh7 28. Qf3 Nxh3 29. Kh2 Nf4 30. Rb5 Rg5 31. Qe4+ Rg6 32. Qf3 Rg2+ 33.
Kh1 Qe7 34. Qe4+ g6 35. Qxg2 Nxg2 36. Kxg2 Qg5+ 37. Kf3 Qf4+ 38. Ke2 Qg4+ 39.
Ke1 e4 40. Re5 Qf4 41. Rxe4 Qc1+ 42. Ke2 Qxc2+ 43. Kf3 Qxd3+ 44. Re3 Qxf1 45.
Re7+ Kg8 46. Rxc7 Qh3+ 47. Ke2 Qe6+ 48. Kf1 Qd6 49. Rxa7 Qb6 {nicht mehr
nachvollziehbar} 0-1

[Event "DVM U10 2016"]
[Site "Magdeburg GER"]
[Date "2016.12.28"]
[Round "4"]
[White "Franke, Leonhard"]
[Black "Lewkowicz, David"]
[Result "1-0"]
[Termination "normal"]
[Board "30.2"]
[WhiteElo "773"]
[BlackElo "600"]
[WhiteTeam "SK Neumarkt"]
[BlackTeam "SK Blauer Springer Paderborn"]
[PlyCount "39"]
[WhiteFideId "34644806"]
[EventCountry "GER"]
[EventRounds "7"]
[EventType "team-swiss"]
[EventDate "2016.12.27"]

1. e4 e5 2. Nf3 Nc6 3. Nc3 Nf6 4. Bc4 Qe7 5. O-O b6 6. d3 Bb7 7. Bg5 h6 8. Bxf6
h5 9. Bxe7 Bxe7 10. Nb5 Rc8 11. d4 Ba6 12. d5 Nb4 13. Nxa7 Ra8 14. Nb5 Bxb5 15.
Bxb5 Ra5 16. d6 Bxd6 17. Bc4 O-O 18. Ng5 Rc5 19. Qxh5 g6 20. Qh7# 1-0

[Event "DVM U10 2016"]
[Site "Magdeburg GER"]
[Date "2016.12.28"]
[Round "4"]
[White "Rogalski, Niclas"]
[Black "Hierl, Andreas"]
[Result "0-1"]
[Termination "normal"]
[Board "30.3"]
[WhiteElo "600"]
[BlackElo "600"]
[WhiteTeam "SK Blauer Springer Paderborn"]
[BlackTeam "SK Neumarkt"]
[PlyCount "100"]
[WhiteFideId "34640320"]
[BlackFideId "34660496"]
[EventCountry "GER"]
[EventRounds "7"]
[EventType "team-swiss"]
[EventDate "2016.12.27"]

1. e4 e5 2. Nf3 Nc6 3. Nc3 Nf6 4. Bb5 Nd4 5. Nxd4 exd4 6. Ne2 a6 7. Ba4 Bc5 8.
O-O Nxe4 9. d3 Nf6 10. h3 Qe7 11. b3 O-O 12. Re1 Qd8 13. Bb2 Bb4 14. Rf1 c5 15.
a3 Bc3 16. Nxc3 dxc3 17. Bxc3 Nd5 18. Ba5 Qg5 19. Re1 Re8 20. d4 cxd4 21. Qxd4
Ne7 22. Bb4 h6 23. Bxe7 Rxe7 24. Rxe7 Qxe7 25. c3 d6 26. b4 Be6 27. Bc2 Qg5 28.
Qd3 g6 29. Qxd6 Bd5 30. Kf1 Qxg2+ 31. Ke1 Re8+ 32. Kd1 Qf1+ 33. Kd2 Re2+ 34.
Kd3 Be4+ 35. Kd4 Re1 36. Kc5 Rxa1 37. Bxe4 Rd1 38. Qb8+ Kg7 39. Bc2 Qxf2+ 40.
Kc4 Qxc2 41. a4 Qe2+ 42. Kc5 Qe5+ 43. Kb6 Qxb8 44. b5 axb5 45. axb5 Rd6+ 46.
Ka5 Qa8+ 47. Kb4 Qc8 48. c4 Rd4 49. Ka5 Rxc4 50. b6 Qc5# 0-1